000 00337nam a2200133Ia 4500
008 220204s9999 xx 000 0 und d
082 _a577.24
_bJOH.1
245 0 _aAging and cell structure. V 1.
260 _aNew York
_bPlenum
_c1981
650 _aAgeing
650 _aCentral nervous system
700 _aJOHNSON, John E
942 _cBK
999 _c38404
_d38404